00473nam a2200193 a 4500001001300000003000900013005001700022008004100039020001000080082001800090100001700108245002500125260003200150300001000182500003500192505001300227650002200240700001700262nice12345678IN_TiNIC20260116012007.0050524s1966 mada grp 000 0 ara  ac11500a297.1224bDAR aDarul, Qalam aQuran Karimb Osmani aMadras bNo Publisherc1966 a522p. aincludes index and biblioraphy2 aAppendex aQuran-Arabic Text1 aDarul, Qalam